| 000 | 00629nam a2200193 4500 | ||
|---|---|---|---|
| 003 | LK-CoDNM | ||
| 005 | 20231229144639.0 | ||
| 008 | 231229b |||||||| |||| 00| 0 eng d | ||
| 020 | _a9786240013208 | ||
| 040 |
_aLK-CoDNM _dLK-CoDNM _eLK-CoDNM |
||
| 041 | _asin | ||
| 080 |
_a8-31 _bඇඩම් |
||
| 100 | _aඇඩම්ස්,හැරියට් ස්ට්රෙට්මයර් | ||
| 110 | _aපරිවරිතනය සුනිල් අල්ගම | ||
| 245 | _aපැරණි ඔරලෝසුවේ අභිරහස | ||
| 260 |
_aColombo _bGodage _c2021 |
||
| 300 | _a192p.,21cm | ||
| 942 |
_n0 _cBK |
||
| 999 |
_c144271 _d144271 |
||